International accounting / (Record no. 31737)

000 -LEADER
fixed length control field 01348cam a22003134a 4500
001 - CONTROL NUMBER
control field 14006170
005 - DATE AND TIME OF LATEST TRANSACTION
control field 20230725152142.0
008 - FIXED-LENGTH DATA ELEMENTS--GENERAL INFORMATION
fixed length control field 050617s2007 maua b 001 0 eng
010 ## - LIBRARY OF CONGRESS CONTROL NUMBER
LC control number 2005049602
020 ## - INTERNATIONAL STANDARD BOOK NUMBER
International Standard Book Number 9780072507751
040 ## - CATALOGING SOURCE
Original cataloging agency DLC
Transcribing agency DLC
Modifying agency DLC
042 ## - AUTHENTICATION CODE
Authentication code pcc
050 00 - LIBRARY OF CONGRESS CALL NUMBER
Classification number HF 5686 .I56D68 2007
082 00 - DEWEY DECIMAL CLASSIFICATION NUMBER
Classification number 657/.96
Edition number 22
100 1# - MAIN ENTRY--PERSONAL NAME
Personal name Doupnik, Timothy S.
245 10 - TITLE STATEMENT
Title International accounting /
Statement of responsibility, etc. Timothy Doupnik, Hector Perera.
260 ## - PUBLICATION, DISTRIBUTION, ETC. (IMPRINT)
Place of publication, distribution, etc. Boston, Mass. :
Name of publisher, distributor, etc. McGraw-Hill,
Date of publication, distribution, etc. c2007.
300 ## - PHYSICAL DESCRIPTION
Extent xvi, 640 p. :
Other physical details ill. ;
Dimensions 27 cm.
504 ## - BIBLIOGRAPHY, ETC. NOTE
Bibliography, etc "List of some useful websites": p. 621-623.
504 ## - BIBLIOGRAPHY, ETC. NOTE
Bibliography, etc Includes bibliographical references and index.
650 #0 - SUBJECT ADDED ENTRY--TOPICAL TERM
Topical term or geographic name as entry element International business enterprises
General subdivision Accounting.
700 1# - ADDED ENTRY--PERSONAL NAME
Personal name Perera, M. H. B.
856 42 - ELECTRONIC LOCATION AND ACCESS
Materials specified Publisher description
Uniform Resource Identifier <a href="http://www.loc.gov/catdir/enhancements/fy0625/2005049602-d.html">http://www.loc.gov/catdir/enhancements/fy0625/2005049602-d.html</a>
856 41 - ELECTRONIC LOCATION AND ACCESS
Materials specified Table of contents only
Uniform Resource Identifier <a href="http://www.loc.gov/catdir/enhancements/fy0625/2005049602-t.html">http://www.loc.gov/catdir/enhancements/fy0625/2005049602-t.html</a>
856 42 - ELECTRONIC LOCATION AND ACCESS
Materials specified Contributor biographical information
Uniform Resource Identifier <a href="http://www.loc.gov/catdir/enhancements/fy0737/2005049602-b.html">http://www.loc.gov/catdir/enhancements/fy0737/2005049602-b.html</a>
906 ## - LOCAL DATA ELEMENT F, LDF (RLIN)
a 7
b cbc
c orignew
d 1
e ocip
f 20
g y-gencatlg
942 ## - ADDED ENTRY ELEMENTS (KOHA)
Source of classification or shelving scheme
Koha item type Hard Covered Materials
Classification part HF 5686 .I56D68 2007
Holdings
Withdrawn status Lost status Source of classification or shelving scheme Damaged status Not for loan Home library Current library Shelving location Date acquired Source of acquisition Total Checkouts Full call number Barcode Date last seen Price effective from Koha item type
          MACHAKOS UNIVERSITY LIBRARY MACHAKOS UNIVERSITY LIBRARY Open shelf 25/07/2023 Donation(falcon books)   HF 5686 .I56D68 2007 39537 25/07/2023 25/07/2023 Hard Covered Materials
© Machakos University Library, Along The Highway, Machakos Wote Rd, Machakos, Kenya P.O. Box 136 - 90100 Machakos - Kenya

Tel: ( +254 ) 723 805829 OR Fax : 044-20353 OR Email: library@mksu.ac.ke